000 00794cab a2200241 4500
001 WB2721-42
008 090401t1991 xxu||||| |||| 00| 0 eng d
035 _a(Sirsi) u60773
041 _aeng
245 _aBanding valuation
260 _c1991
350 _a0
490 _aIndependent
_v24 May 1991, 9
490 _aMunicipal Journal
_v(21) 24 May 1991, 8
490 _aScottish Office
_vInformation Directorate 23 May 1991 2 pages(4)
520 _aVarious articles on valuation for the banding of property for the council tax as introduced under the Local Government Finance and Valuation Bill .
650 _aHOUSE PRICES
650 _aLOCAL AUTHORITY ASSESSORS
650 _aLONDON BOROUGHS ASSOCIATION
690 _aRATING AND VALUATION
942 _n0
948 _c04/03/1997
999 _c37559
_d37559